000 00623nam a2200193 i 4500
001 52857
003 ES-MaACL
005 20231228062649.0
007 t|
008 030905s1962 sp ||||1| spa d
080 _a821.133.1(493)-4"19"
100 1 _aDegrelle, León.
_943231
245 1 0 _aAlmas ardiendo :
_bnotas de paz, de guerra y de exilio /
_cLéon Degrelle ; traducción y prólogo de Gregorio Marañón.
260 _a[Barcelona :
_bs.n.],
_c1962 (
_fTip. Cat. Casals)
300 _a191 p. ;
_c21 cm.
700 1 _aMarañón, Gregorio,
_d1887-1960
_976311
852 4 _aES-MaACL
_jC-24292
999 _c52857
_d52857